[Event "Titled Tuesday intern op 18th Jul Late"]
[Site "Chess.com INT"]
[Date "2023.07.18"]
[Round "4"]
[White "Geivondian, Arman"]
[Black "Adireddy, Arjun"]
[Result "1-0"]
[WhiteElo "2356"]
[BlackElo "2057"]
[PlyCount "189"]
[EventDate "2023.07.18"]
[EventType "swiss (blitz)"]
[EventRounds "11"]
[EventCountry "USA"]
[SourceTitle "EXT 2024"]
[Source "ChessBase"]
[SourceDate "2023.10.10"]
[SourceVersion "1"]
[SourceVersionDate "2023.10.10"]
[SourceQuality "1"]

1. e4 c6 2. Nf3 d5 3. d3 dxe4 4. dxe4 Qxd1+ 5. Kxd1 Nd7 6. Nbd2 e5 7. Ne1 f6 8. Bc4 b5 9. Bb3 Bb7 10. Nd3 c5 11. c4 a6 12. a4 b4 13. a5 Bd6 14. Kc2 Ne7 15. Ba4 Nc6 16. Bxc6 Bxc6 17. f3 Ke7 18. b3 Nf8 19. Bb2 Ne6 20. Nf1 Nd4+ 21. Bxd4 cxd4 22. Kb2 Rab8 23. Ng3 g6 24. Rhf1 Rhd8 25. Rac1 h5 26. Ne2 Bc7 27. Ra1 Bd6 28. Rfc1 f5 29. Ng3 fxe4 30. Nxe4 Bxe4 31. fxe4 Ke6 32. Rf1 Be7 33. Rf3 Rf8 34. Raf1 Rxf3 35. Rxf3 Rf8 36. Rxf8 Bxf8 37. Kc2 Be7 38. Kd2 g5 39. Ke2 g4 40. h3 Kf6 41. hxg4 hxg4 42. Kf2 Bd6 43. Kg3 Kg5 44. Kf2 Bc7 45. Nxb4 Bxa5 46. Nc6 Bc7 47. g3 Kf6 48. Ke2 Ke6 49. Nb4 a5 50. Nd5 Bd8 51. Kd3 Kd6 52. b4 axb4 53. Nxb4 Kc5 54. Nc2 Kc6 55. Nb4+ Kc5 56. Nd5 Kc6 57. Kc2 Kc5 58. Kb3 Bg5 59. Nb4 Bd8 60. Nd3+ Kd6 61. c5+ Ke6 62. Kc4 Bc7 63. Kb5 Kd7 64. Kc4 Kc6 65. Nb4+ Kd7 66. Kd5 Ba5 67. Nd3 Bc7 68. Nf2 Ke7 69. Nxg4 Kd7 70. Nf2 Ke7 71. Nd3 Kd7 72. g4 Ke7 73. Kc6 Ba5 74. Kb7 Kf6 75. c6 Kg5 76. Nxe5 Kf4 77. Nc4 Bd8 78. e5 d3 79. c7 Bxc7 80. Kxc7 d2 81. Nxd2 Kxe5 82. Nf3+ Kf4 83. g5 Kf5 84. Kd6 Kg6 85. Ke5 Kg7 86. Kf5 Kf7 87. g6+ Kg7 88. Kg5 Kg8 89. Kf6 Kh8 90. Nd4 Kg8 91. Nf5 Kh8 92. g7+ Kh7 93. Ne7 Kh6 94. g8Q Kh5 95. Qg5# 1-0

[Event "Titled Tuesday intern op 18th Jul Late"]
[Site "Chess.com INT"]
[Date "2023.07.18"]
[Round "1"]
[White "Geivondian, Arman"]
[Black "Avalos Parra, Joao"]
[Result "1-0"]
[WhiteElo "2356"]
[BlackElo "2185"]
[PlyCount "45"]
[EventDate "2023.07.18"]
[EventType "swiss (blitz)"]
[EventRounds "11"]
[EventCountry "USA"]
[SourceTitle "EXT 2024"]
[Source "ChessBase"]
[SourceDate "2023.10.10"]
[SourceVersion "1"]
[SourceVersionDate "2023.10.10"]
[SourceQuality "1"]

1. e4 e5 2. Nf3 Nc6 3. d4 exd4 4. Nxd4 Nf6 5. Nxc6 bxc6 6. Bd3 d5 7. exd5 cxd5 8. 0-0 Be7 9. Nc3 0-0 10. Bg5 Rb8 11. b3 c6 12. Qd2 Bb4 13. a3 Be7 14. Rfe1 h6 15. Bxh6 gxh6 16. Qxh6 Re8 17. Re5 Ne4 18. Nxe4 dxe4 19. Bxe4 f5 20. Bxf5 Bxf5 21. Rxf5 Qd6 22. Rg5+ Bxg5 23. Qxd6 1-0